Flags of the French Speaking Countries - Statistics

General Stats
  • This quiz has been taken 301 times
  • The average score is 17 of 27
Answer Stats
Picture Answer % Correct
Canada
100%
France
100%
Ivory Coast
82%
Belgium
79%
Switzerland
79%
Lebanon
70%
Cameroon
69%
Morocco
68%
Tunisia
68%
Algeria
67%
D.R. Congo
67%
Luxembourg
64%
Monaco
63%
Haiti
62%
Seychelles
61%
Senegal
58%
Gabon
55%
Andorra
54%
Rep. of the Congo
53%
Djibouti
52%
Benin
51%
Comoros
51%
Central African Republic
49%
Togo
49%
Equatorial Guinea
48%
Vanuatu
47%
Mauritius
46%
No matching quizzes found
Score Distribution
Percent of People with Each Score
Percentile by Number Answered
Your Score History
You have not taken this quiz